00786nam a22001337a 4500008004100000020001800041082001900059100002000078245003000098260004300128300003700171505034000208650010400548190518b xxu||||| |||| 00| 0 eng d a9788469794111 a700.92bAZ991c aLeitão, Bruno aCAMPObMarlon de Azambuja aMadrid, EspañabTasman Projectc2018 a128 p.bill (col).c27 x 19.2 cm tEl potencial diario de los monumentos t01. Editora Callet02. Potencial Escultóricot03. Metaesquemast04. Movimiento Concretot05. Catalogue Raisonnet06. Brutalismot07. Circuitot08. Atlast09. Techo Estrellado t10. Cuerpo Presentet11. Lecciones de PinturatUna entrevista con Marlon de Azambuja sobre CAMPOtMarlon de Azambuja 2Arte contemporáneo vExhibición - biográfica xAzambuja, Marlon de - artistazArte - España